Diário de um zumbi do Minecraft: (Record no. 456)

MARC details
000 -LÍDER
campo de controle de tamanho fixo 01665nam a22003137a 4500
001 - NÚMERO DE CONTROLE
campo de controle 456
003 - IDENTIFICADOR DO NÚMERO DE CONTROLE
campo de controle OSt
005 - DATA E HORÁRIO DA ÚLTIMA TRANSAÇÃO
campo de controle 20250703150943.0
008 - CAMPO DE DADOS FIXOS--INFORMAÇÃO GERAL
campo de controle de tamanho fixo 250703b |||||||j |||| 00| 1 eng d
020 ## - ISBN - INTERNATIONAL STANDARD BOOK NUMBER
ISBN - International Standard Book Number 9788543102894
040 ## - FONTE DA CATALOGAÇÃO
Idioma da catalogação por
041 ## - CÓDIGO DE IDIOMA
Código do idioma do original e/ou traduções intermediárias do texto eng
Código do idioma do texto/trilha sonora ou título diferente por
082 ## - CDD - CLASSIFICAÇÃO DECIMAL DE DEWEY
Número de Classificação IJ 028.5
Número do exemplar B724d
100 ## - ENTRADA PRINCIPAL--NOME PESSOAL
Nome pessoal Books, Herobrine
9 (RLIN) 912
240 ## - TÍTULO UNIFORME
Título uniforme Diary of a Minecraft zombie #2
245 ## - TÍTULO
Título Diário de um zumbi do Minecraft:
Restante do título Parceiros e rivais /
Indicação de responsabilidade, etc. Books, Herobrine ; Tradução de Ana Ban.
260 ## - PUBLICAÇÃO, DISTRIBUIÇÃO, ETC.
Local de publicação, distribuição, etc. Rio de Janiero
Nome do editor, distribuidor, etc. Sextante
Data da publicação, distribuição, etc. 2015
300 ## - DESCRIÇÃO FÍSICA
Extensão 112 p.
520 ## - NOTA DE RESUMO, ETC.
Resumo, etc. A vida de um zumbi no ensino fundamental não é nada fácil.<br/>Seu zumbi de Minecraft preferido está de volta! (Falando sério: vai dizer que você conhecia outros?)<br/>Se você achava que o Ender Dragon e os golens de ferro eram perigosos, não imagina como é o dia a dia na Escola Monstro. Principalmente quando<br/>Mike Magma, o valentão da escola, une forças com Mutante, o aluno novo de 2 metros de altura com o peito do tamanho de uma casa.<br/>Nosso amigo zumbi será capaz de deter os valentões? E se conseguir, vai continuar inteiro para contar a história? Junte-se ao nosso herói, sua namorada, Sally Cadáver, e seus amigos Esquely, Slimey e Creepy para a derradeira batalha de suas vidas... uma partida de QUEIMADO!<br/>Prepare-se para mais emoção e mais sustos neste segundo volume!
650 #0 - ASSUNTO--TERMO TÓPICO
Cabeçalho tópico ou nome geográfico Infantojuvenil
9 (RLIN) 200
650 #0 - ASSUNTO--TERMO TÓPICO
Cabeçalho tópico ou nome geográfico Zumbi
9 (RLIN) 914
650 #0 - ASSUNTO--TERMO TÓPICO
Cabeçalho tópico ou nome geográfico Minecraft
9 (RLIN) 915
650 #0 - ASSUNTO--TERMO TÓPICO
Cabeçalho tópico ou nome geográfico Aventura
9 (RLIN) 47
655 #0 - TERMO DE ÍNDICE--GÊNERO E FORMA
Gênero/forma/ou termo foco Ficção
655 #0 - TERMO DE ÍNDICE--GÊNERO E FORMA
Gênero/forma/ou termo foco Romance
700 ## - ENTRADA ADICIONADA - NOME PESSOAL
Nome pessoal Ana Ban
Função do autor por extenso Tradutor
9 (RLIN) 203
830 ## - ENTRADA SECUNDÁRIA DE SÉRIE--TÍTULO UNIFORME
Título uniforme Diário de um Zumbi do Minecraft
9 (RLIN) 913
Número do volume ou designação sequencial da série vol. 02
942 ## - ELEMENTOS DE ENTRADA ADICIONADOS (KOHA)
Fonte de classificação ou esquema de arquivamento Classificação decimal de Dewey
Ocultar no OPAC Não
Tipo de material Koha Livros
Holdings
Situação do descarte Situação das perdas Fonte de classificação ou esquema de arquivamento Materiais especificados (volume encadernado ou outra parte) Status danificado Não pode ser emprestado Coleção Biblioteca de origem Biblioteca atual Localização na estante Data de aquisição Fonte de aquisição Total de empréstimos Número de chamada completo Código de barras Data de último acesso Data do preço efetivo Tipo de material Koha
    Classificação decimal de Dewey Livro 2     Ficção Biblioteca Professor Eduardo Afonso de Castro Biblioteca Professor Eduardo Afonso de Castro Infanto Juvenil 03.07.2025 doação   IJ 028.5 / B724d 2025-17387 03.07.2025 03.07.2025 Livros

Powered by Koha